000 00298nam a22001337a 4500
008 170608b xxu||||| |||| 00| 0 eng d
020 _a9781568029993
041 _aeng
080 _24 ED
_a327
100 _a18
101 _aSHP
245 _aCITIZEN POLITICS
_cDALTON.R.J
942 _2udc
_cBK
999 _c16416
_d16416